000 01153nam a2200325Ia 4500
001 ebr10076780
003 CaPaEBR
006 m u
007 cr cn|||||||||
008 011204s2002 enka sb 001 0 eng d
010 _z 2002277326
015 _aGBA1-71098
020 _z0761963782
020 _z0761963774 (CASED)
040 _aCaPaEBR
_cCaPaEBR
035 _a(OCoLC)61516734
050 1 4 _aQH81
_b.F73 2002eb
100 1 _aFranklin, Adrian.
245 1 0 _aNature and social theory
_h[electronic resource] /
_cAdrian Franklin.
260 _aLondon :
_bSage,
_c2002.
300 _a274 p. :
_bill.
504 _aIncludes bibliographical references and index.
533 _aElectronic reproduction.
_bPalo Alto, Calif. :
_cebrary,
_d2009.
_nAvailable via World Wide Web.
_nAccess may be limited to ebrary affiliated libraries.
650 0 _aHuman ecology.
650 0 _aNature
_xSocial aspects.
650 0 _aSocial ecology.
655 7 _aElectronic books.
_2local
710 2 _aebrary, Inc.
856 4 0 _uhttp://site.ebrary.com/lib/rucke/Doc?id=10076780
_zAn electronic book accessible through the World Wide Web; click to view
999 _c53527
_d53527